[Event "PokerStars IoM Masters 2014"]
[Site "Douglas ENG"]
[Date "2014.10.04"]
[Round "1.1"]
[White "Adams, Michael"]
[Black "Ferguson, Mark"]
[Result "1-0"]
[WhiteTitle "GM"]
[BlackTitle "IM"]
[WhiteElo "2758"]
[BlackElo "2414"]
[WhiteFideId "400041"]
[BlackFideId "403547"]
[EventDate "2014.10.04"]

1. c4 Nf6 2. g3 e5 3. Bg2 d5 4. cxd5 Nxd5 5. Nc3 Nb6 6. Nf3 Nc6 7. O-O Be7 8. a3
O-O 9. b4 Be6 10. d3 f6 11. Bb2 a5 12. b5 Nd4 13. Nxd4 exd4 14. Nb1 Bd5 15. Nd2
f5 16. Bxd5+ Qxd5 17. Qb3 Bf6 18. Rfc1 Rf7 19. Qxd5 Nxd5 20. Rc5 Rd7 21. Kf1 Ne7
22. Rac1 c6 23. Nc4 Rd5 24. Nb6 Rxc5 25. Rxc5 Rd8 26. bxc6 Nxc6 27. Nc4 g6 28.
Nxa5 Nxa5 29. Rxa5 Kf7 30. Rb5 Rd7 31. Bc1 Be7 32. a4 Ke6 33. Bf4 Bd8 34. h4 b6
35. Bg5 Bc7 36. Rb4 Kd5 37. Bf6 1-0

[Event "PokerStars IoM Masters 2014"]
[Site "Douglas ENG"]
[Date "2014.10.04"]
[Round "1.2"]
[White "L'Ami, Alina"]
[Black "Vachier-Lagrave, Maxime"]
[Result "0-1"]
[WhiteTitle "IM"]
[BlackTitle "GM"]
[WhiteElo "2386"]
[BlackElo "2757"]
[WhiteFideId "1210246"]
[BlackFideId "623539"]
[EventDate "2014.10.04"]

1. d4 d6 2. c4 e5 3. Nc3 exd4 4. Qxd4 Nc6 5. Qd2 g6 6. b3 Bg7 7. Bb2 Nf6 8. g3
O-O 9. Bg2 Re8 10. Nf3 Bf5 11. Nh4 Be6 12. O-O a5 13. Nd5 a4 14. e4 Na5 15. Bc3
c6 16. Nxf6+ Bxf6 17. Bxf6 Qxf6 18. Qxd6 axb3 19. axb3 Nxc4 20. Qd1 Na3 21. f4
Qc3 22. f5 Bxb3 23. Qg4 Nc2 24. Rxa8 Rxa8 25. fxg6 hxg6 26. Nf5 Ne3 27. Nxe3
Qxe3+ 28. Kh1 Bc4 29. Rg1 Ra2 30. Qc8+ Kg7 31. Qxb7 Rxg2 32. Kxg2 Qxe4+ 33. Kh3
Be6+ 34. g4 Qf3+ 35. Rg3 Bxg4+ 0-1

[Event "PokerStars IoM Masters 2014"]
[Site "Douglas ENG"]
[Date "2014.10.04"]
[Round "1.3"]
[White "Fressinet, Laurent"]
[Black "Ansell, Simon T"]
[Result "1/2-1/2"]
[WhiteTitle "GM"]
[BlackTitle "IM"]
[WhiteElo "2713"]
[BlackElo "2370"]
[WhiteFideId "608742"]
[BlackFideId "402141"]
[EventDate "2014.10.04"]

1. Nf3 d5 2. c4 c6 3. e3 Nf6 4. Nc3 Bg4 5. Qb3 Qb6 6. Ne5 Qxb3 7. axb3 e6 8. d4
Nbd7 9. Nxg4 Nxg4 10. Be2 Ngf6 11. O-O a6 12. f3 Be7 13. Bd2 O-O 14. Be1 c5 15.
g4 Nb6 16. g5 Nfd7 17. f4 Rad8 18. cxd5 exd5 19. Nd1 Bd6 20. Ba5 Rde8 21. Bd3 f6
22. g6 f5 23. gxh7+ Kxh7 24. Rc1 cxd4 25. exd4 g6 26. Nc3 Rf6 27. Rf3 Rfe6 28.
Kf2 Bf8 29. Bxb6 Nxb6 30. h4 Bg7 31. Ne2 Kg8 32. Rc7 Nc8 33. Rxb7 Nd6 34. Rc7
Ne4+ 35. Ke1 Bf6 36. Rh3 Bd8 37. Rb7 Nf6 38. b4 Nh5 39. Kd2 Bf6 40. Rh2 R8e7 41.
Rb8+ Kf7 42. b5 axb5 43. Rxb5 Re3 44. Rb3 Ng3 45. Nxg3 Rxg3 46. h5 gxh5 47. Rxh5
Rg2+ 48. Kd1 Rg1+ 49. Kc2 Bxd4 50. Rxf5+ Ke6 51. Rg5 Rc7+ 52. Kd2 Rg7 53. f5+
Ke5 54. Rg6 Rg2+ 55. Kc1 Rg1+ 56. Kc2 Rg2+ 57. Kb1 Rg1+ 58. Rxg1 Rxg1+ 59. Ka2
Rg2 60. Rb8 Rf2 61. Bb1 Bc5 62. Kb3 Kd4 63. Rg8 Bd6 64. Rg1 Be5 65. Rd1+ Kc5 66.
Bc2 Rf3+ 67. Ka2 Rf2 68. Kb1 Kc4 69. Rh1 Kc5 70. Re1 Bd4 71. Re8 Rf1+ 72. Ka2
Rf2 73. Ka3 Kd6 74. Re6+ Kc7 75. Kb3 Rf3+ 1/2-1/2

[Event "PokerStars IoM Masters 2014"]
[Site "Douglas ENG"]
[Date "2014.10.04"]
[Round "1.4"]
[White "Peek, Marcel"]
[Black "Sargissian, Gabriel"]
[Result "0-1"]
[WhiteTitle "IM"]
[BlackTitle "GM"]
[WhiteElo "2359"]
[BlackElo "2690"]
[WhiteFideId "1000462"]
[BlackFideId "13300881"]
[EventDate "2014.10.04"]

1. d4 Nf6 2. c4 e6 3. Nf3 Bb4+ 4. Bd2 Qe7 5. g3 Bxd2+ 6. Qxd2 Nc6 7. Nc3 d5 8.
cxd5 exd5 9. Bg2 O-O 10. O-O Bf5 11. Nh4 Be6 12. Rfd1 Rad8 13. Rac1 a6 14. Qf4
Na7 15. Na4 Nb5 16. Nc5 c6 17. Nf5 Bxf5 18. Qxf5 Nd6 19. Qc2 Rfe8 20. e3 h5 21.
Re1 h4 22. f3 hxg3 23. hxg3 Nd7 24. Nxd7 Rxd7 25. Qf2 f5 26. Bf1 Qf6 27. Bd3
Rde7 28. Re2 Qg5 29. Rce1 Re6 30. Kg2 R8e7 31. b3 g6 32. Bc2 Kg7 33. Bd3 Ne8 34.
f4 Qf6 35. Rh1 Nd6 36. Rh4 Kf8 37. Kf3 Ke8 38. Qh2 g5 39. Rh8+ Kd7 40. Rh7 Qg6
41. Rh5 gxf4 42. gxf4 Kc7 43. Rg5 Qe8 44. Qg1 Qh8 45. Rg8 Qh4 46. Rg7 Rxg7 47.
Qxg7+ Kb6 48. Qg5 Qh1+ 49. Qg2 Qh5+ 50. Kf2 Rg6 51. Qf3 Ne4+ 52. Bxe4 Qh4+ 53.
Kf1 dxe4 0-1

[Event "PokerStars IoM Masters 2014"]
[Site "Douglas ENG"]
[Date "2014.10.04"]
[Round "1.5"]
[White "Granda Zuniga, Julio E"]
[Black "Welling, Gerard"]
[Result "1-0"]
[WhiteTitle "GM"]
[BlackTitle "IM"]
[WhiteElo "2674"]
[BlackElo "2350"]
[WhiteFideId "3800024"]
[BlackFideId "1000446"]
[EventDate "2014.10.04"]

1. d4 Nf6 2. c4 d6 3. Nc3 Nbd7 4. e4 e5 5. Nge2 Be7 6. g3 O-O 7. Bg2 c6 8. O-O
a6 9. a4 a5 10. h3 exd4 11. Nxd4 Nc5 12. Be3 Re8 13. Qc2 Bf8 14. Rfe1 Nfd7 15.
f4 Na6 16. Rad1 Qc7 17. Rd2 Ndc5 18. Bf2 Bd7 19. Qd1 Rad8 20. Qf3 Qb6 21. Bf1
Bc8 22. Red1 Qc7 23. g4 Ne6 24. Nde2 Nac5 25. h4 Nb3 26. Rc2 Nec5 27. Ng3 Qd7
28. f5 Qe7 29. g5 f6 30. g6 h6 31. Nce2 b5 32. cxb5 cxb5 33. axb5 Bb7 34. Nc3 1-0

[Event "PokerStars IoM Masters 2014"]
[Site "Douglas ENG"]
[Date "2014.10.04"]
[Round "1.6"]
[White "Mannion, Stephen R"]
[Black "Tiviakov, Sergei"]
[Result "0-1"]
[WhiteTitle "IM"]
[BlackTitle "GM"]
[WhiteElo "2347"]
[BlackElo "2668"]
[WhiteFideId "2400111"]
[BlackFideId "1008013"]
[EventDate "2014.10.04"]

1. e4 d5 2. exd5 Qxd5 3. Nc3 Qd6 4. d4 Nf6 5. Nf3 c6 6. g3 Bf5 7. Bg2 e6 8. O-O
h6 9. Ne5 Be7 10. Bf4 Qd8 11. Re1 O-O 12. h3 Nbd7 13. Nc4 Nb6 14. Ne3 Bh7 15. g4
Bd6 16. Be5 Bxe5 17. dxe5 Nfd5 18. Ncxd5 cxd5 19. c3 Qc7 20. f4 Nc4 21. Nxc4
Qxc4 22. Qd2 b5 23. f5 exf5 24. Qxd5 Rab8 25. e6 fxe6 26. Rxe6 Qxd5 27. Bxd5 Kh8
28. Rf1 Rbd8 29. Re5 f4 30. b3 Rc8 31. c4 Bd3 32. Rc1 bxc4 33. Bxc4 Rfd8 34. Rd1
Bxc4 35. Rxd8+ Rxd8 36. bxc4 Rd3 37. Kg2 Ra3 38. Rf5 g5 39. Rf7 Kg8 40. Rb7
Rxa2+ 41. Kg1 Kf8 42. Rh7 a5 43. c5 Ke8 44. c6 Kd8 45. h4 a4 46. Rxh6 a3 47.
hxg5 Rb2 0-1

[Event "PokerStars IoM Masters 2014"]
[Site "Douglas ENG"]
[Date "2014.10.04"]
[Round "1.7"]
[White "Jones, Gawain C B"]
[Black "Wallis, Christopher"]
[Result "1-0"]
[WhiteTitle "GM"]
[BlackTitle "FM"]
[WhiteElo "2664"]
[BlackElo "2347"]
[WhiteFideId "409561"]
[BlackFideId "3204839"]
[EventDate "2014.10.04"]

1. e4 e6 2. d4 d5 3. Nd2 c5 4. Ngf3 cxd4 5. Nxd4 Nc6 6. Bb5 Bd7 7. Nxc6 bxc6 8.
Bd3 Bd6 9. O-O Qc7 10. Nf3 Nf6 11. Re1 dxe4 12. Bxe4 Nxe4 13. Rxe4 c5 14. Rg4
Bc6 15. Qe2 O-O-O 16. Rxg7 Rdg8 17. Rxg8+ Rxg8 18. g3 Qb7 19. Ne1 Kb8 20. Be3
Qxb2 21. Rd1 Qe5 22. Kf1 Bc7 23. Qc4 Qh5 24. Rb1+ Ka8 25. h4 Rg4 26. Qa6 Qd5 27.
Qc8+ 1-0

[Event "PokerStars IoM Masters 2014"]
[Site "Douglas ENG"]
[Date "2014.10.04"]
[Round "1.8"]
[White "Tate, Alan"]
[Black "Howell, David W L"]
[Result "0-1"]
[WhiteTitle "FM"]
[BlackTitle "GM"]
[WhiteElo "2320"]
[BlackElo "2657"]
[WhiteFideId "2401878"]
[BlackFideId "410608"]
[EventDate "2014.10.04"]

1. e4 e5 2. Nf3 Nc6 3. d4 exd4 4. Nxd4 Bc5 5. Nb3 Bb6 6. Nc3 Nf6 7. Qe2 O-O 8.
Bg5 Nd4 9. Qd2 Nxb3 10. axb3 h6 11. Bf4 Re8 12. O-O-O Nxe4 13. Nxe4 Rxe4 14. Bd3
Re6 15. Bc4 Rf6 16. g4 d5 17. g5 Rxf4 18. Qxf4 hxg5 19. Qf3 c6 20. Bd3 g4 21.
Qe2 Bd7 22. f4 Qf6 23. Qd2 Bc7 24. Rhf1 Re8 25. Kb1 g6 26. Rf2 b5 27. Rdf1 Bf5
28. Rg2 Qd4 29. Qc3 Qxc3 30. bxc3 Kf8 31. Rg3 Bd7 32. Rg2 Re3 33. Rg3 Re8 34.
Rg2 Re3 35. Rg3 Re7 36. Rg2 Bf5 37. Kc1 Ba5 38. b4 Bb6 39. Kd1 a5 40. bxa5 Bxa5
41. Rg3 Bxd3 42. Rxd3 Re4 43. h3 gxh3 44. Rxh3 Ke7 45. Kd2 Bc7 46. Re3 Ke6 47.
Rxe4+ dxe4 48. c4 bxc4 49. f5+ gxf5 50. Kc3 f4 51. Kxc4 f3 52. Kd4 Kf5 53. c4
Kf4 0-1

[Event "PokerStars IoM Masters 2014"]
[Site "Douglas ENG"]
[Date "2014.10.04"]
[Round "1.9"]
[White "Short, Nigel D"]
[Black "Duncan, Chris R"]
[Result "1-0"]
[WhiteTitle "GM"]
[BlackTitle "FM"]
[WhiteElo "2646"]
[BlackElo "2319"]
[WhiteFideId "400025"]
[BlackFideId "403091"]
[EventDate "2014.10.04"]

1. c4 c6 2. Nf3 d5 3. d4 Nf6 4. Nc3 dxc4 5. a4 Bf5 6. e3 e6 7. Bxc4 Bb4 8. O-O
Nbd7 9. Qe2 O-O 10. e4 Bg6 11. Bd3 Qc7 12. h3 e5 13. Nxe5 Nxe5 14. dxe5 Bxc3 15.
bxc3 Qxe5 16. f4 Qc7 17. f5 Bh5 18. Qe1 Rad8 19. Bc2 Rfe8 20. Bg5 Qb6+ 21. Kh1
Qb2 22. Bxf6 gxf6 23. Rf2 Re5 24. g4 Rc5 25. gxh5 Rxc3 26. Bd3 Qb3 27. Bf1 Re3
28. Re2 Rdd3 29. Rxe3 Rxe3 30. Qd2 c5 31. h6 1-0

[Event "PokerStars IoM Masters 2014"]
[Site "Douglas ENG"]
[Date "2014.10.04"]
[Round "1.10"]
[White "Kolbus, Dietmar"]
[Black "Gupta, Abhijeet"]
[Result "0-1"]
[WhiteTitle "IM"]
[BlackTitle "GM"]
[WhiteElo "2316"]
[BlackElo "2640"]
[WhiteFideId "4610628"]
[BlackFideId "5010608"]
[EventDate "2014.10.04"]

1. Nf3 Nf6 2. c4 g6 3. Nc3 d5 4. cxd5 Nxd5 5. e4 Nb6 6. d4 Bg7 7. Be3 O-O 8. Qd2
Bg4 9. O-O-O Nc6 10. Be2 Qd6 11. Nb5 Qd7 12. d5 a6 13. Nbd4 Nxd4 14. Nxd4 Bxe2
15. Qxe2 Qa4 16. Kb1 Nc4 17. Qc2 Qb4 18. Qc3 Qxc3 19. bxc3 Rfc8 20. Kc2 c6 21.
dxc6 b5 22. Bc1 e5 23. Ne2 Rxc6 24. Rd3 Bf6 25. Rhd1 Kf8 26. Rh3 h5 27. Rhd3 Ke8
28. Rd5 Rac8 29. Kb1 Be7 30. R5d3 Nb6 31. f3 f6 32. Bb2 Na4 33. a3 a5 34. Rd5 b4
35. axb4 axb4 36. Kc2 bxc3 37. Bc1 Nb2 38. Rf1 Ra6 39. Rb5 Ra1 40. Rg1 Nc4 41.
Kd3 c2 42. Rb3 Bc5 43. Rh1 Na3 44. Nc3 Rb1 45. Rb2 Bd4 46. Rxc2 Rb3 47. Bxa3
Rbxc3+ 0-1

[Event "PokerStars IoM Masters 2014"]
[Site "Douglas ENG"]
[Date "2014.10.04"]
[Round "1.11"]
[White "Fridman, Daniel"]
[Black "Efroimski, Marsel"]
[Result "1-0"]
[WhiteTitle "GM"]
[BlackTitle "WIM"]
[WhiteElo "2635"]
[BlackElo "2316"]
[WhiteFideId "11600454"]
[BlackFideId "2810964"]
[EventDate "2014.10.04"]

1. Nf3 d5 2. c4 dxc4 3. e3 Bg4 4. Bxc4 e6 5. Qb3 Bxf3 6. gxf3 Nd7 7. Qxb7 Rb8 8.
Qxa7 Rb4 9. Be2 Ne7 10. Nc3 Nc6 11. Qa6 Rb6 12. Qd3 Qg5 13. f4 Qg2 14. Qe4 Qxe4
15. Nxe4 Nb4 16. Kd1 Be7 17. a3 Nd5 18. b4 O-O 19. Bb2 Nxb4 20. axb4 Rxb4 21.
Bd4 c5 22. Bc3 Rxe4 23. f3 Rb4 24. Bxb4 cxb4 25. Ra7 b3 26. Bb5 b2 27. Kc2 Rc8+
28. Kb1 1-0

[Event "PokerStars IoM Masters 2014"]
[Site "Douglas ENG"]
[Date "2014.10.04"]
[Round "1.12"]
[White "Afek, Yochanan"]
[Black "Marin, Mihail"]
[Result "0-1"]
[WhiteTitle "IM"]
[BlackTitle "GM"]
[WhiteElo "2287"]
[BlackElo "2583"]
[WhiteFideId "2800462"]
[BlackFideId "1200020"]
[EventDate "2014.10.04"]

1. e4 d6 2. d4 Nf6 3. Nc3 g6 4. Be3 Bg7 5. Qd2 O-O 6. Be2 e5 7. dxe5 dxe5 8.
O-O-O Qxd2+ 9. Rxd2 Nc6 10. Nf3 b6 11. h3 Bb7 12. Rhd1 Rfe8 13. Bc4 Na5 14. Bb5
c6 15. Bf1 b5 16. b4 Nc4 17. Bxc4 bxc4 18. g4 a5 19. bxa5 Bf8 20. g5 Ba3+ 21.
Kb1 Bb4 22. gxf6 Bxc3 23. Rd6 Rxa5 24. Rd7 Rxa2 0-1

[Event "PokerStars IoM Masters 2014"]
[Site "Douglas ENG"]
[Date "2014.10.04"]
[Round "1.13"]
[White "Hillarp Persson, Tiger"]
[Black "House, Glenn L"]
[Result "1-0"]
[WhiteTitle "GM"]
[BlackTitle "FM"]
[WhiteElo "2555"]
[BlackElo "2209"]
[WhiteFideId "1700812"]
[BlackFideId "406228"]
[EventDate "2014.10.04"]

1. d4 Nf6 2. c4 e5 3. dxe5 Ne4 4. Nd2 Nc5 5. Ngf3 b6 6. g3 Bb7 7. Bg2 Nc6 8. O-O
Qe7 9. Nb1 h6 10. Nc3 O-O-O 11. Nd5 Qe8 12. b4 Ne6 13. c5 bxc5 14. bxc5 Bxc5 15.
Rb1 Bb6 16. Be3 Qf8 17. Qb3 Re8 18. Rfc1 Ned8 19. Bxb6 axb6 20. Nxc7 Kxc7 21.
Qxb6+ Kb8 22. Nd4 Re6 23. Nb5 Qe7 24. Rc4 1-0

[Event "PokerStars IoM Masters 2014"]
[Site "Douglas ENG"]
[Date "2014.10.04"]
[Round "1.14"]
[White "Allen, Keith"]
[Black "Greenfeld, Alon"]
[Result "0-1"]
[BlackTitle "GM"]
[WhiteElo "2197"]
[BlackElo "2542"]
[WhiteFideId "2501147"]
[BlackFideId "2800039"]
[EventDate "2014.10.04"]

1. d4 Nf6 2. c4 g6 3. g3 c5 4. d5 b5 5. cxb5 a6 6. bxa6 Bg7 7. Nc3 O-O 8. Bg2 d6
9. Nf3 Nbd7 10. O-O Nb6 11. Ne1 Nfd7 12. Nd3 Nc4 13. Qc2 Qa5 14. a3 Bxa6 15. Bh3
Nde5 16. b4 cxb4 17. Nxb4 Bc8 18. Bg2 Bf5 19. Qb3 Rfc8 20. Ra2 Rc7 21. Ne4 Rb7
22. Nc3 Rc7 23. Ne4 Bd7 24. Qb1 Rac8 25. Nd2 Bf5 26. Qb3 Ne3 27. Qxe3 Rxc1 28.
Nc6 Rxf1+ 29. Nxf1 Nxc6 30. dxc6 Bf6 31. Nd2 d5 32. h3 Rxc6 33. g4 Be6 34. Nf3
d4 35. Qd2 Qc7 36. Ra1 Rc2 37. Qd3 Rc3 38. Qe4 Rc1+ 39. Rxc1 Qxc1+ 40. Kh2 Qxa3
41. Ne1 h5 42. Bf3 hxg4 43. hxg4 Qd6+ 44. Kg2 Qe5 45. Qxe5 Bxe5 46. e3 dxe3 47.
fxe3 Kg7 48. Nd3 Bd6 49. Nf4 Bd7 50. Kf2 Kf6 51. Nh3 Bc8 52. Kg2 Bc5 53. Kf2 Bd7
54. Ke2 Bb5+ 55. Kf2 Bc4 56. Bd1 Bb6 57. Bf3 e5 58. Be4 Bb3 59. Ke2 Ba7 60. Bc6
Bc2 61. Bd5 Ke7 62. Ng5 f6 63. Ne4 Bb6 64. Kd2 Ba4 65. Ke2 f5 66. gxf5 gxf5 67.
Nd2 Kf6 68. Nc4 Bb5 69. Kf3 e4+ 70. Ke2 Bc5 71. Kd2 Ba6 72. Bg8 Bc8 73. Ke2 Kg5
74. Ne5 Kh4 75. Kf2 Bd6 76. Ng6+ Kg5 77. Bf7 Bd7 78. Nh8 Kf6 79. Bh5 Bc7 80. Kg2
Bb6 81. Kf2 f4 0-1

[Event "PokerStars IoM Masters 2014"]
[Site "Douglas ENG"]
[Date "2014.10.04"]
[Round "1.15"]
[White "Hebden, Mark L"]
[Black "Groffen, Hans"]
[Result "1-0"]
[WhiteTitle "GM"]
[WhiteElo "2540"]
[BlackElo "2161"]
[WhiteFideId "400084"]
[BlackFideId "1004140"]
[EventDate "2014.10.04"]

1. d4 f5 2. g3 Nf6 3. Bg2 g6 4. Nf3 Bg7 5. O-O d6 6. c4 O-O 7. Nc3 Qe8 8. d5 a5
9. Rb1 Na6 10. b3 Nc5 11. Bb2 Bd7 12. Ne1 c6 13. Nd3 Nce4 14. dxc6 bxc6 15. c5
Nxc3 16. Bxc3 Ne4 17. Bxg7 Kxg7 18. Qc2 Qf7 19. Rfd1 Qf6 20. cxd6 exd6 21. Rbc1
Rf7 22. Qb2 a4 23. Qxf6+ Kxf6 24. Nb4 axb3 25. axb3 Rb8 26. Nxc6 Bxc6 27. Rxc6
Rxb3 28. Bxe4 fxe4 29. Rcxd6+ Kg7 30. Re6 Rb4 31. h4 Rfb7 32. Rd8 1-0

[Event "PokerStars IoM Masters 2014"]
[Site "Douglas ENG"]
[Date "2014.10.04"]
[Round "1.17"]
[White "Vaisser, Anatoly"]
[Black "Walton, Alan J"]
[Result "1-0"]
[WhiteTitle "GM"]
[BlackTitle "CM"]
[WhiteElo "2531"]
[BlackElo "2123"]
[WhiteFideId "603252"]
[BlackFideId "409898"]
[EventDate "2014.10.04"]

1. b3 d5 2. Bb2 e6 3. e3 Nf6 4. f4 c5 5. Nf3 Nc6 6. Bb5 Bd7 7. O-O Bd6 8. Nc3
Qe7 9. Ne2 O-O-O 10. a4 h6 11. Ne5 Rhg8 12. Ng3 Ne8 13. Qh5 Rf8 14. c4 Bxe5 15.
fxe5 Na5 16. cxd5 exd5 17. Qd1 Kb8 18. d4 f6 19. dxc5 Qxc5 20. Qd3 fxe5 21.
Bxe5+ Ka8 22. Rxf8 Qxf8 23. Qxd5 Nf6 24. Bxf6 Qxf6 25. Rd1 Nc6 26. Bxc6 bxc6 27.
Qd4 Qe6 28. b4 g5 29. e4 Qa2 30. Qf6 1-0

[Event "PokerStars IoM Masters 2014"]
[Site "Douglas ENG"]
[Date "2014.10.04"]
[Round "1.18"]
[White "Sant Anna, Eddie Luiz G."]
[Black "Harika, Dronavalli"]
[Result "0-1"]
[BlackTitle "GM"]
[WhiteElo "2119"]
[BlackElo "2528"]
[WhiteFideId "2103893"]
[BlackFideId "5015197"]
[EventDate "2014.10.04"]

1. e4 e6 2. d3 d5 3. Nd2 Nf6 4. g3 c5 5. Bg2 Nc6 6. Ngf3 g6 7. O-O Bg7 8. Re1
O-O 9. c3 a5 10. Qc2 b6 11. Nf1 Ba6 12. Rd1 Rc8 13. Ne1 b5 14. f3 b4 15. Qe2 Qb6
16. h3 Rfd8 17. g4 Ne8 18. Bg5 Rd7 19. Rac1 a4 20. a3 bxa3 21. bxa3 Na5 22. Qc2
Nb3 23. Rb1 c4+ 24. d4 Nc7 25. Qb2 e5 26. Be3 exd4 27. Bxd4 Bxd4+ 28. cxd4 Nb5
29. Nc2 dxe4 30. Kh1 c3 31. Qa2 exf3 32. Bxf3 N5xd4 33. Be4 Bb7 34. Bxb7 Qxb7+
35. Kh2 Nf3+ 36. Kg3 Nfd2 37. Nxd2 cxd2 38. Qb2 Rd3+ 0-1

[Event "PokerStars IoM Masters 2014"]
[Site "Douglas ENG"]
[Date "2014.10.04"]
[Round "1.19"]
[White "Tarjan, James E"]
[Black "Van Den Bersselaar, Jeroen"]
[Result "1-0"]
[WhiteTitle "GM"]
[WhiteElo "2525"]
[BlackElo "2119"]
[WhiteFideId "2000180"]
[BlackFideId "1006282"]
[EventDate "2014.10.04"]

1. d4 d5 2. c4 c6 3. Nf3 Nf6 4. e3 Bf5 5. Nc3 e6 6. Nh4 Bg6 7. Be2 Nbd7 8. O-O
Be7 9. g3 Qc7 10. Bd2 dxc4 11. Bxc4 Bh5 12. f3 e5 13. Nf5 Bf8 14. Rc1 Nb6 15.
Bb3 Bg6 16. Nh4 Rd8 17. Qe2 Be7 18. Rfe1 Qd6 19. Qd1 Rd7 20. dxe5 Qxe5 21. e4
Bh5 22. Nf5 Bc5+ 23. Kg2 O-O 24. g4 Bg6 25. f4 Qc7 26. Nh4 Rxd2+ 27. Qxd2 Nxg4
28. Nxg6 hxg6 29. Re2 g5 30. e5 Kh8 31. Ne4 Be7 32. Nxg5 Bxg5 33. fxg5 Nxe5 34.
Qf4 1-0

[Event "PokerStars IoM Masters 2014"]
[Site "Douglas ENG"]
[Date "2014.10.04"]
[Round "1.20"]
[White "Tolhuizen, Ludo"]
[Black "Gormally, Daniel W"]
[Result "0-1"]
[BlackTitle "GM"]
[WhiteElo "2117"]
[BlackElo "2488"]
[WhiteFideId "1000802"]
[BlackFideId "406465"]
[EventDate "2014.10.04"]

1. d4 Nf6 2. Nf3 g6 3. Bf4 Bg7 4. e3 d6 5. h3 O-O 6. Be2 c5 7. c3 Be6 8. Nbd2
Qb6 9. Qc2 Rc8 10. dxc5 Qxc5 11. O-O Nc6 12. e4 Qa5 13. Rfe1 b5 14. a3 h6 15.
Bd3 Nd7 16. Nb3 Qa4 17. Nbd4 Nxd4 18. Nxd4 Bxd4 19. Qxa4 Bxf2+ 20. Kxf2 bxa4 21.
Bxh6 Rab8 22. Bc1 Nc5 23. Bc2 Bb3 24. Bb1 Bc4 25. Bc2 Bd3 0-1

[Event "PokerStars IoM Masters 2014"]
[Site "Douglas ENG"]
[Date "2014.10.04"]
[Round "1.21"]
[White "Smith, Bryan G"]
[Black "Hansen, Victor"]
[Result "1-0"]
[WhiteTitle "GM"]
[WhiteElo "2482"]
[BlackElo "2113"]
[WhiteFideId "2017083"]
[BlackFideId "1502638"]
[EventDate "2014.10.04"]

1. e4 c6 2. d4 d5 3. e5 c5 4. Ne2 Nc6 5. c3 Bf5 6. Be3 Qb6 7. Ng3 cxd4 8. cxd4
Qxb2 9. Nxf5 Qxa1 10. Qb3 e6 11. Qxb7 Rb8 12. Nd6+ Kd8 13. Nxf7+ Ke8 14. Qxc6+
Kxf7 15. Qc7+ 1-0

[Event "PokerStars IoM Masters 2014"]
[Site "Douglas ENG"]
[Date "2014.10.04"]
[Round "1.22"]
[White "Hill, Alistair"]
[Black "Paehtz, Elisabeth"]
[Result "0-1"]
[BlackTitle "IM"]
[WhiteElo "2102"]
[BlackElo "2477"]
[WhiteFideId "432407"]
[BlackFideId "4641833"]
[EventDate "2014.10.04"]

1. g3 e5 2. Bg2 Nc6 3. c4 g6 4. Nc3 Bg7 5. e3 d6 6. Nge2 Be6 7. b3 Qd7 8. h4 h6
9. d4 exd4 10. exd4 Bf5 11. Ba3 Nge7 12. Qd2 a6 13. Rd1 h5 14. O-O O-O 15. Rfe1
Bg4 16. Bb2 b5 17. Nd5 Nxd5 18. Bxd5 bxc4 19. Rc1 Rae8 20. Rxc4 Nd8 21. Nf4 c6
22. Bg2 d5 23. Ra4 Bh6 24. Rxe8 Rxe8 25. Nxd5 Bxd2 26. Nf6+ Kf8 27. Nxd7+ Bxd7
28. Rxa6 Re1+ 29. Kh2 Bb4 30. d5 cxd5 31. Bxd5 Re2 32. Bd4 Rd2 33. Bb6 Rxd5 34.
Bxd8 Bc8 35. Ra4 Rxd8 36. Rxb4 Rd2 37. a4 Rxf2+ 38. Kg1 Rc2 39. a5 Ke7 40. Rb6
Kd8 41. b4 Kc7 42. b5 Rc5 43. Kf2 Bb7 44. Rf6 Rxb5 0-1

[Event "PokerStars IoM Masters 2014"]
[Site "Douglas ENG"]
[Date "2014.10.04"]
[Round "1.23"]
[White "Williams, Simon K"]
[Black "Boelhouwer, Collin"]
[Result "1-0"]
[WhiteTitle "GM"]
[WhiteElo "2457"]
[BlackElo "2106"]
[WhiteFideId "404454"]
[BlackFideId "1013300"]
[EventDate "2014.10.04"]

1. e4 c5 2. Nc3 Nc6 3. Bb5 Nd4 4. Nf3 a6 5. Bd3 d6 6. Nxd4 cxd4 7. Ne2 Qb6 8. c3
dxc3 9. dxc3 g6 10. Be3 Qc7 11. Qb3 Be6 12. Qb4 Nf6 13. Bb6 Qc8 14. O-O Bg7 15.
f4 O-O 16. a4 Bd7 17. a5 Bc6 18. h3 Re8 19. Ng3 Nd7 20. Be3 Qc7 21. Qb3 Nc5 22.
Bxc5 dxc5 23. Bc4 Rf8 24. Qc2 Bb5 25. Qe2 Bxc4 26. Qxc4 Rad8 27. Rf2 Rd7 28. Nf1
Rfd8 29. Ne3 Qc6 30. Qa4 Qb5 31. e5 Rd3 32. Qe4 f5 33. exf6 exf6 34. Nc4 Qd7 35.
Re2 Rd1+ 36. Rxd1 Qxd1+ 37. Re1 Qd7 38. Qe6+ Kf8 39. Qb6 Rc8 40. Qd6+ Qxd6 41.
Nxd6 Rb8 42. Re6 Bh6 43. g3 Kg8 44. Rxf6 b6 45. Nc4 b5 46. Ne5 b4 47. Rb6 Rd8
48. cxb4 Bf8 49. b5 1-0

[Event "PokerStars IoM Masters 2014"]
[Site "Douglas ENG"]
[Date "2014.10.04"]
[Round "1.24"]
[White "Smith, Graham"]
[Black "Van Foreest, Jorden"]
[Result "0-1"]
[BlackTitle "IM"]
[WhiteElo "2073"]
[BlackElo "2466"]
[WhiteFideId "410985"]
[BlackFideId "1039784"]
[EventDate "2014.10.04"]

1. Nf3 d5 2. c4 c6 3. e3 Bg4 4. Qb3 Qc7 5. Ne5 Be6 6. d4 Nf6 7. Nc3 dxc4 8. Bxc4
Bxc4 9. Qxc4 e6 10. Bd2 Bd6 11. f4 a6 12. Rc1 c5 13. Qa4+ Nbd7 14. Nb5 Qb8 15.
Nxd6+ Qxd6 16. Rxc5 O-O 17. Nxd7 Nxd7 18. Rc2 Qd5 19. O-O Nf6 20. Qc4 Qe4 21.
Rfc1 Nd5 22. Kf2 Rad8 23. Qe2 Nf6 24. Qf3 Qd3 25. Qe2 Qf5 26. Kg1 Ne4 27. Rc7
Qd5 28. b3 Rfe8 29. Be1 Rd7 30. Qc4 Rxc7 31. Qxc7 f6 32. Qc4 Qf5 33. Qe2 h6 34.
Rc7 Rf8 35. Rxb7 Rc8 36. h3 Rc1 37. Kh2 e5 38. g4 Qc8 0-1